[Event "XIII Festival A"]
[Site "Verona ITA"]
[Date "2007.01.04"]
[Round "2"]
[White "Ricci, Alfredo"]
[Black "Gromovs, Sergejs"]
[Result "0-1"]
[WhiteElo "2059"]
[BlackElo "2347"]
[PlyCount "128"]
[EventDate "2007.01.03"]

1. e4 c5 2. Nf3 d6 3. d4 cxd4 4. Nxd4 Nf6 5. Nc3 a6 6. Bg5 e6 7. f4 Qb6 8. Qd2
Qxb2 9. Rb1 Qa3 10. f5 Nc6 11. fxe6 fxe6 12. Bxf6 gxf6 13. Nb3 h5 14. Be2 Qb4
15. O-O Qb6+ 16. Kh1 Qd8 17. Qf4 h4 18. Qg4 Ne5 19. Qh3 Nf7 20. Qg4 Ng5 21. Bd3
h3 22. gxh3 Rxh3 23. Rf2 Be7 24. Nd4 Qc7 25. Nce2 Qc5 26. Rbf1 Rh6 27. h4 Bd7
28. Rh2 Qe5 29. Qg1 Nh7 30. Qg7 Bf8 31. Qg8 Ng5 32. Nf4 O-O-O 33. hxg5 Rxh2+
34. Kxh2 fxg5 35. Ndxe6 Be7 36. Nxd8 Bxd8 37. Qc4+ Kb8 38. Qf7 Bc8 39. Kg2 gxf4
40. Qxf4 Qe6 41. Qg3 Bf6 42. a4 Be5 43. Qh4 Qg8+ 44. Kf3 Qa2 45. Qd8 Qxa4 46.
Ke2 Qc6 47. Rf8 Qc5 48. Qe8 Bg7 49. Rg8 Be5 50. Qa4 Bf4 51. Qc4 Qe3+ 52. Kf1
Qf3+ 53. Ke1 Qh3 54. Bf1 Qd7 55. Be2 Qc7 56. Qb3 Ka7 57. Qf3 Be6 58. Qf2+ b6
59. Rh8 Qc3+ 60. Kf1 Qa1+ 61. Kg2 Qg7+ 62. Kf1 Bg3 63. Qf8 Bh3+ 64. Kg1 Bf1 0-1

[Event "XIII Festival A"]
[Site "Verona ITA"]
[Date "2007.01.04"]
[Round "2"]
[White "Rombaldoni, Axel"]
[Black "Dvirnyy, Danyyil"]
[Result "1/2-1/2"]
[WhiteElo "2218"]
[BlackElo "2351"]
[PlyCount "105"]
[EventDate "2007.01.03"]

1. e4 c5 2. Nf3 d6 3. d4 cxd4 4. Nxd4 Nf6 5. Nc3 g6 6. Be2 Bg7 7. O-O O-O 8.
Re1 Nc6 9. Nb3 Be6 10. Bf1 a5 11. Bb5 Ng4 12. Qe2 Nd4 13. Nxd4 Bxd4 14. Nd1 Bg7
15. h3 Ne5 16. f4 Nc6 17. c3 a4 18. Kh1 Ra5 19. Be3 Bd7 20. Bd3 f5 21. Qf2 Ra8
22. Bb6 Qe8 23. exf5 gxf5 24. Ne3 a3 25. Nd5 axb2 26. Qxb2 Qf7 27. Bc4 Kh8 28.
Bd4 Nxd4 29. Rxe7 Qg6 30. Rxd7 b5 31. Bxb5 Nxb5 32. Qxb5 Rab8 33. Qe2 Rfe8 34.
Re7 Rxe7 35. Qxe7 Re8 36. Qd7 h5 37. a4 Re2 38. Rg1 Kh7 39. Qb5 Qe6 40. a5 Rd2
41. Nc7 Qe4 42. Qd7 Rd3 43. Kh2 Qxf4+ 44. Kh1 Qe4 45. Kh2 Qf4+ 46. Kh1 Qe4 47.
Kh2 Kh6 48. Qe6+ Qxe6 49. Nxe6 Bxc3 50. Rf1 Bxa5 51. Rxf5 Bd2 52. Rf6+ Kh7 53.
g4 1/2-1/2

[Event "XIII Festival A"]
[Site "Verona ITA"]
[Date "2007.01.04"]
[Round "2"]
[White "Sikula, Vaszilij"]
[Black "Sbarra, Marco"]
[Result "1-0"]
[WhiteElo "2515"]
[BlackElo "2290"]
[PlyCount "59"]
[EventDate "2007.01.03"]

1. e4 e5 2. Nf3 Nc6 3. Bc4 Nf6 4. d3 Be7 5. O-O O-O 6. Re1 d6 7. a4 Be6 8. Nbd2
Qd7 9. c3 Rfe8 10. a5 Bxc4 11. dxc4 Bf8 12. Nf1 h6 13. Qc2 g6 14. Ne3 Bg7 15.
b4 Rad8 16. Nd5 Nxd5 17. cxd5 Ne7 18. c4 c6 19. Be3 cxd5 20. cxd5 a6 21. Nd2
Rc8 22. Nc4 Qb5 23. Rec1 Rc7 24. Bb6 Rcc8 25. Qb3 Qd7 26. Be3 Rc7 27. Nb6 Qd8
28. Rxc7 Qxc7 29. Rc1 Qb8 30. Qc2 1-0

[Event "XIII Festival A"]
[Site "Verona ITA"]
[Date "2007.01.04"]
[Round "2"]
[White "Teodonio, Fabrizio"]
[Black "Bertani, Gianfranco"]
[Result "0-1"]
[WhiteElo "2064"]
[BlackElo "2132"]
[PlyCount "56"]
[EventDate "2007.01.03"]

1. d4 f5 2. Nf3 Nf6 3. Bg5 e6 4. Nbd2 Be7 5. e3 O-O 6. Bd3 d6 7. e4 Nc6 8. c3
h6 9. Bxf6 Bxf6 10. O-O Kh8 11. Qc2 f4 12. b4 e5 13. b5 Ne7 14. dxe5 dxe5 15.
Nc4 Ng6 16. Rfd1 Qe7 17. Be2 Be6 18. Na5 Nh4 19. Rd2 Nxf3+ 20. Bxf3 g5 21. Be2
g4 22. f3 Rg8 23. Rad1 Raf8 24. Nxb7 Bh4 25. Qd3 Bg3 26. fxg4 Qh4 27. h3 h5 28.
Nc5 Bf2+ 0-1

[Event "XIII Festival A"]
[Site "Verona ITA"]
[Date "2007.01.04"]
[Round "2"]
[White "Tramalloni, Luca"]
[Black "Loi, Andrea"]
[Result "0-1"]
[WhiteElo "2127"]
[BlackElo "2042"]
[PlyCount "48"]
[EventDate "2007.01.03"]

1. d4 Nf6 2. c4 g6 3. Nc3 Bg7 4. e4 d6 5. Be2 O-O 6. Bg5 Nbd7 7. h4 c5 8. d5
Qa5 9. Bd2 Ne5 10. Nh3 h5 11. f3 a6 12. Qc2 Bd7 13. Nf2 Qc7 14. O-O-O b5 15.
cxb5 axb5 16. Bxb5 Bxb5 17. Nxb5 Qb6 18. a4 c4 19. Bg5 Rfc8 20. Nc3 Nfd7 21.
Qe2 Nd3+ 22. Nxd3 cxd3 23. Rxd3 Rxa4 24. Be3 Qb3 0-1

[Event "XIII Festival A"]
[Site "Verona ITA"]
[Date "2007.01.04"]
[Round "2"]
[White "Vincenzi, Marco"]
[Black "Martorelli, Antonio"]
[Result "0-1"]
[WhiteElo "2057"]
[BlackElo "2261"]
[PlyCount "72"]
[EventDate "2007.01.03"]

1. e4 c5 2. Nf3 e6 3. b3 a6 4. d4 cxd4 5. Nxd4 Nf6 6. Bd3 Bb4+ 7. c3 Be7 8. O-O
Qc7 9. c4 b6 10. Bb2 Bb7 11. Nd2 d6 12. Rc1 Nbd7 13. Bb1 O-O 14. Qe2 Rfe8 15.
f4 Rac8 16. e5 dxe5 17. fxe5 Qxe5 18. Qxe5 Nxe5 19. Nxe6 Neg4 20. Nd4 Bc5 21.
N2f3 Rcd8 22. Kh1 Bxf3 23. gxf3 Ne3 24. Nc6 Rd6 25. b4 Nxf1 26. bxc5 Rxc6 27.
Rxf1 bxc5 28. Bxf6 Rxf6 29. Kg2 Re2+ 30. Kg3 g6 31. Rd1 Rb6 32. Be4 Kf8 33. Rd7
Rxa2 34. Rc7 Ke8 35. Bd5 Rf6 36. h4 h5 0-1

[Event "XIII Festival A"]
[Site "Verona ITA"]
[Date "2007.01.04"]
[Round "3"]
[White "Bozzali, Ermanno"]
[Black "Mola, Pietro"]
[Result "0-1"]
[WhiteElo "2062"]
[BlackElo "2274"]
[PlyCount "94"]
[EventDate "2007.01.03"]

1. e4 c5 2. Nf3 d6 3. d4 cxd4 4. Nxd4 Nf6 5. Nc3 a6 6. Be3 Ng4 7. Bc1 Nf6 8.
Be3 e6 9. g4 h5 10. gxh5 b5 11. h6 g6 12. Qf3 Bb7 13. Bd3 Nbd7 14. O-O-O Rc8
15. Bg5 Be7 16. Rhe1 b4 17. Nce2 Qa5 18. Bxf6 Nxf6 19. Kb1 Rxh6 20. Qg2 Qh5 21.
Rh1 d5 22. Ng3 Qh3 23. Qxh3 Rxh3 24. f3 dxe4 25. Nxe4 Nxe4 26. Bxe4 Bxe4 27.
fxe4 Bf6 28. Nb3 Be5 29. Rd2 Re3 30. Nc1 Rxe4 31. Nd3 Bf6 32. Rf1 Bg5 33. Rdf2
Rc7 34. Rg2 Bh6 35. h3 a5 36. b3 Bg7 37. Nb2 Bxb2 38. Kxb2 Rc3 39. Rgf2 f5 40.
Rf3 Ree3 41. Rxe3 Rxe3 42. Rh1 g5 43. Kc1 Kf7 44. Kd2 Rc3 45. a4 e5 46. h4 g4
47. h5 Rh3 0-1

[Event "XIII Festival A"]
[Site "Verona ITA"]
[Date "2007.01.04"]
[Round "3"]
[White "Brigati, Alessandro"]
[Black "Guanciale, Orazio"]
[Result "1/2-1/2"]
[WhiteElo "2111"]
[BlackElo "2157"]
[PlyCount "183"]
[EventDate "2007.01.03"]

1. Nf3 f5 2. d4 Nf6 3. g3 g6 4. Bg2 Bg7 5. c4 O-O 6. Nc3 d6 7. O-O Qe8 8. d5
Na6 9. Rb1 Nc5 10. b4 Nce4 11. Bb2 e5 12. dxe6 Bxe6 13. Nxe4 fxe4 14. Nd2 Bf5
15. e3 Qe6 16. Qc2 Rae8 17. Nb3 Bh3 18. Nd4 Qc8 19. c5 d5 20. c6 b6 21. b5 Bxg2
22. Kxg2 a5 23. Ba3 Rf7 24. h3 Re5 25. Rbd1 h5 26. Rd2 h4 27. Qd1 hxg3 28. fxg3
Rh5 29. Rh1 Bf8 30. Bxf8 Qxf8 31. Qe1 Qd6 32. Rf2 Rg5 33. Rff1 Nh5 34. g4 Nf6
35. Qg3 Re5 36. Rf2 Ne8 37. Rxf7 Kxf7 38. Rf1+ Kg7 39. Qf4 Qe7 40. Kg3 Nd6 41.
h4 a4 42. Rh1 Qf6 43. Qxf6+ Kxf6 44. Rb1 Nc4 45. Kf2 Re7 46. Rb4 a3 47. Ra4 Ke5
48. Ra7 Rh7 49. h5 gxh5 50. gxh5 Kd6 51. h6 Rf7+ 52. Ke2 Na5 53. Ra8 Rh7 54.
Rg8 Kc5 55. Rg6 Nc4 56. Ne6+ Kxb5 57. Ng5 Rh8 58. h7 Ne5 59. Rg8 Nf7 60. Nxf7
Rxh7 61. Ne5 Rh2+ 62. Kd1 Rxa2 63. Ra8 Kc5 64. Kc1 Kd6 65. Ng4 Kxc6 66. Kb1 Rg2
67. Nf6 a2+ 68. Rxa2 Rxa2 69. Kxa2 Kd6 70. Kb3 c5 71. Kc3 Ke6 72. Ne8 Ke5 73.
Nc7 d4+ 74. exd4+ cxd4+ 75. Kd2 Kd6 76. Ne8+ Ke5 77. Nc7 Kf5 78. Ke2 Ke5 79.
Kd2 Kd6 80. Ne8+ Kc5 81. Nf6 e3+ 82. Kd3 b5 83. Nd7+ Kb4 84. Ne5 e2 85. Kxe2
Kc3 86. Nd3 Kc2 87. Nb4+ Kb3 88. Nc6 Kc3 89. Kd1 d3 90. Kc1 d2+ 91. Kd1 Kd3 92.
Ne5+ 1/2-1/2

[Event "XIII Festival A"]
[Site "Verona ITA"]
[Date "2007.01.04"]
[Round "3"]
[White "Cazzaniga, Walter"]
[Black "Pomaro, Alberto"]
[Result "1/2-1/2"]
[WhiteElo "2157"]
[BlackElo "2054"]
[PlyCount "66"]
[EventDate "2007.01.03"]

1. d4 Nf6 2. c4 g6 3. Nc3 Bg7 4. Nf3 O-O 5. g3 d6 6. Bg2 Nc6 7. O-O a6 8. Qc2
Na5 9. b3 c5 10. dxc5 dxc5 11. Rd1 Qe8 12. Ba3 b6 13. Rac1 Bb7 14. Nd5 Nxd5 15.
cxd5 Qd7 16. e4 Rfd8 17. Bb2 Bxb2 18. Qxb2 f6 19. h4 e5 20. Kh2 Bc8 21. Ng1 Qe7
22. Ne2 Nb7 23. f4 Nd6 24. Rf1 Bd7 25. Rf2 Rf8 26. Rcf1 Nb5 27. Bh3 Bxh3 28.
Kxh3 Nd4 29. Nxd4 cxd4 30. f5 Rac8 31. Qe2 b5 32. Qg4 Kg7 33. fxg6 hxg6 1/2-1/2

[Event "XIII Festival A"]
[Site "Verona ITA"]
[Date "2007.01.04"]
[Round "3"]
[White "Dvirnyy, Danyyil"]
[Black "Luciani, Carlo"]
[Result "1-0"]
[WhiteElo "2351"]
[BlackElo "2262"]
[PlyCount "153"]
[EventDate "2007.01.03"]

1. e4 e5 2. Nf3 Nc6 3. Bb5 a6 4. Ba4 Nf6 5. O-O Nxe4 6. d4 b5 7. Bb3 d5 8. dxe5
Be6 9. Nbd2 Nc5 10. c3 Be7 11. Qe2 Nxb3 12. Nxb3 O-O 13. Nfd4 Qd7 14. Bd2 Nd8
15. f4 c5 16. Nxe6 fxe6 17. Be3 Nb7 18. g4 a5 19. Rad1 a4 20. Nd2 a3 21. b3 b4
22. c4 d4 23. Ne4 Qc7 24. Bc1 Na5 25. Rd3 Nc6 26. g5 Rf5 27. Qg4 Raf8 28. Ng3
Nd8 29. Nxf5 Rxf5 30. Rh3 g6 31. Rd3 Qc6 32. Re1 Bf8 33. h4 Bg7 34. Rh3 Qb7 35.
Bd2 Nc6 36. h5 Ne7 37. Rh4 Qc6 38. Qh3 Rf7 39. Re2 Nf5 40. hxg6 hxg6 41. Rh7
Kf8 42. Rh2 Ke7 43. Qd3 Rf8 44. Kf1 Kf7 45. Ke1 Rg8 46. Kf2 Qa8 47. Qe2 Rh8 48.
Rxh8 Bxh8 49. Qe1 Bg7 50. Qe2 Kg8 51. Rh3 Qb7 52. Ke1 Qa8 53. Kd1 Qb7 54. Kc2
Qa8 55. Kd3 Qb7 56. Qf1 Qc6 57. Qg1 Qb7 58. Qh2 Qc6 59. Qh1 Qxh1 60. Rxh1 Kf7
61. Bxb4 cxb4 62. c5 Ke7 63. Kc4 Kd7 64. Kxb4 Kc6 65. Kc4 Ne3+ 66. Kxd4 Nd5 67.
Rh6 Bf8 68. Rxg6 Bxc5+ 69. Kc4 Nb6+ 70. Kd3 Kd7 71. Rg7+ Be7 72. g6 Nd5 73. Rf7
Ke8 74. Ke4 Nc3+ 75. Kd4 Nd5 76. Rf5 exf5 77. Kxd5 1-0

[Event "XIII Festival A"]
[Site "Verona ITA"]
[Date "2007.01.04"]
[Round "3"]
[White "Facchetti, Gianni"]
[Black "Vincenzi, Marco"]
[Result "1/2-1/2"]
[WhiteElo "2147"]
[BlackElo "2057"]
[PlyCount "82"]
[EventDate "2007.01.03"]

1. e4 c5 2. Nf3 d6 3. d4 cxd4 4. Qxd4 a6 5. Be3 Nc6 6. Qd2 Nf6 7. Nc3 e6 8. Bd3
Be7 9. h3 Qc7 10. a4 b6 11. O-O Bb7 12. Qe2 O-O 13. Nd2 Nb4 14. Nc4 Nd7 15. a5
b5 16. Nb6 Rad8 17. Nxd7 Rxd7 18. Rfc1 Bf6 19. Nd1 d5 20. Qg4 dxe4 21. Bxe4 Nd5
22. Bxd5 Rxd5 23. c4 bxc4 24. Rxc4 Qe5 25. Rca4 h5 26. Qf4 Rc8 27. Qxe5 Bxe5
28. Rb4 Rd7 29. Nc3 Bxc3 30. bxc3 Rxc3 31. Rb6 Bc8 32. Rb8 Kh7 33. Kh2 Rb7 34.
Ra8 Rb5 35. Bb6 Rc2 36. Ra7 Kg6 37. Ra3 Rf5 38. Rg3+ Kh7 39. Rd3 Kg6 40. Rg3+
Kh7 41. Rd3 Kg6 1/2-1/2

[Event "XIII Festival A"]
[Site "Verona ITA"]
[Date "2007.01.04"]
[Round "3"]
[White "Gromovs, Sergejs"]
[Black "Sikula, Vaszilij"]
[Result "1/2-1/2"]
[WhiteElo "2347"]
[BlackElo "2515"]
[PlyCount "50"]
[EventDate "2007.01.03"]

1. d4 f5 2. g3 Nf6 3. Bg2 e6 4. Nf3 Be7 5. c4 d6 6. Nc3 Ne4 7. Qc2 Nxc3 8. Qxc3
a5 9. O-O O-O 10. Qc2 Bf6 11. e4 Nc6 12. exf5 Nxd4 13. Nxd4 Bxd4 14. fxe6 Bxe6
15. Bxb7 Rb8 16. Qe4 Qf6 17. Bd5 Bxd5 18. Qxd5+ Kh8 19. Be3 Bxe3 20. fxe3 Qxb2
21. Qxa5 Qe2 22. Qc3 h6 23. Rxf8+ Rxf8 24. Qe1 Qxc4 25. a4 Ra8 1/2-1/2

[Event "XIII Festival A"]
[Site "Verona ITA"]
[Date "2007.01.04"]
[Round "3"]
[White "La Manna, Francesco"]
[Black "Rombaldoni, Axel"]
[Result "0-1"]
[WhiteElo "2155"]
[BlackElo "2218"]
[PlyCount "90"]
[EventDate "2007.01.03"]

1. d4 d5 2. c4 e6 3. Nc3 c6 4. cxd5 exd5 5. Qc2 Nf6 6. Bg5 h6 7. Bh4 Be7 8. e3
Be6 9. Bd3 Nbd7 10. Nge2 O-O 11. O-O Nh5 12. Bxe7 Qxe7 13. f3 c5 14. e4 dxe4
15. Bxe4 Bc4 16. Rfd1 Rae8 17. d5 Ne5 18. d6 Qg5 19. Qd2 Bxe2 20. Qxg5 hxg5 21.
Nxe2 b6 22. a4 Rd8 23. b3 f5 24. Bb7 Rf6 25. Rd5 Re6 26. Rad1 Nf6 27. f4 Nf7
28. R5d2 gxf4 29. Nxf4 Rexd6 30. Rxd6 Rxd6 31. Re1 Rd4 32. Ng6 Kh7 33. Nf8+ Kh6
34. Re7 Ng5 35. h4 Rxh4 36. Bc8 Rf4 37. Rxa7 g6 38. Rb7 Rb4 39. Be6 Nxe6 40.
Nxe6 Rxb3 41. Nxc5 Rb4 42. Nd3 Rb1+ 43. Kf2 Ne4+ 44. Ke3 Rb3 45. Ke2 Rxd3 0-1

[Event "XIII Festival A"]
[Site "Verona ITA"]
[Date "2007.01.04"]
[Round "3"]
[White "Loi, Andrea"]
[Black "Borsos, Bogdan"]
[Result "0-1"]
[WhiteElo "2042"]
[BlackElo "2293"]
[PlyCount "36"]
[EventDate "2007.01.03"]

1. d4 d6 2. c4 e5 3. d5 f5 4. Nc3 Nf6 5. f3 g6 6. e4 Bg7 7. Bd3 O-O 8. Nge2 Na6
9. Be3 Nc5 10. b4 fxe4 11. bxc5 exd3 12. Ng3 e4 13. Ngxe4 Nxe4 14. Nxe4 Bf5 15.
O-O Bxe4 16. fxe4 Rxf1+ 17. Qxf1 Bxa1 18. Qxa1 Qe7 0-1

[Event "XIII Festival A"]
[Site "Verona ITA"]
[Date "2007.01.04"]
[Round "3"]
[White "Luciani, Valerio"]
[Black "Ricci, Alfredo"]
[Result "1-0"]
[WhiteElo "2241"]
[BlackElo "2059"]
[PlyCount "122"]
[EventDate "2007.01.03"]

1. d4 Nf6 2. c4 g6 3. Nc3 d5 4. cxd5 Nxd5 5. e4 Nxc3 6. bxc3 c5 7. Be3 Qa5 8.
Qd2 Bg7 9. Bc4 Nc6 10. Ne2 O-O 11. Rb1 cxd4 12. cxd4 Rd8 13. Qxa5 Nxa5 14. Bd3
Nc6 15. d5 Ne5 16. Bc2 b6 17. Bb3 Ba6 18. f3 Rac8 19. Kd2 Nc4+ 20. Bxc4 Rxc4
21. Rhc1 Rdc8 22. Rxc4 Rxc4 23. Rc1 Ra4 24. Rc2 Kf8 25. Nc1 Be5 26. g3 Ke8 27.
Bf4 Bxf4+ 28. gxf4 Kd7 29. Rc3 Bb7 30. a3 f5 31. Ke3 fxe4 32. fxe4 e6 33. dxe6+
Kxe6 34. Nd3 Bxe4 35. Nb2 Ra5 36. Kxe4 Rh5 37. h3 Kd7 38. Nd3 Ra5 39. Ne5+ Ke6
40. h4 Ra4+ 41. Rc4 Rxa3 42. Rc6+ Ke7 43. Rc7+ Kf6 44. Rxh7 b5 45. Rf7+ Ke6 46.
Rb7 Rh3 47. Nxg6 Kf6 48. f5 Rb3 49. Nf4 Rb4+ 50. Kf3 Kxf5 51. Rf7+ Ke5 52. Nd3+
Ke6 53. Nxb4 Kxf7 54. Na6 Kg6 55. Kf4 Kf6 56. h5 Kf7 57. Kf5 Kg7 58. h6+ Kg8
59. Kf6 Kh8 60. Nb4 a5 61. Nc6 b4 1-0

[Event "XIII Festival A"]
[Site "Verona ITA"]
[Date "2007.01.04"]
[Round "3"]
[White "Massa, Giovanni"]
[Black "Tramalloni, Luca"]
[Result "1-0"]
[WhiteElo "2109"]
[BlackElo "2127"]
[PlyCount "43"]
[EventDate "2007.01.03"]

1. e4 e6 2. d4 d5 3. Nc3 Bb4 4. e5 c5 5. a3 Ba5 6. b4 cxb4 7. Nb5 Ne7 8. Nd6+
Kf8 9. Bd3 Nf5 10. Nxf5 exf5 11. Ne2 Nc6 12. h4 Qb6 13. axb4 Bxb4+ 14. c3 Be7
15. Nf4 Be6 16. Qf3 Qd8 17. g4 g6 18. gxf5 gxf5 19. Nxe6+ fxe6 20. Qh5 h6 21.
Rg1 Bxh4 22. Bxh6+ 1-0

[Event "XIII Festival A"]
[Site "Verona ITA"]
[Date "2007.01.04"]
[Round "3"]
[White "Ortega, Lexy"]
[Black "Bertani, Gianfranco"]
[Result "1-0"]
[WhiteElo "2430"]
[BlackElo "2132"]
[PlyCount "57"]
[EventDate "2007.01.03"]

1. d4 f5 2. Nc3 d5 3. Bf4 Nf6 4. e3 e6 5. Nb5 Na6 6. c4 c6 7. Nc3 Be7 8. Nf3
O-O 9. Be2 Nc7 10. O-O Nce8 11. c5 Ne4 12. Nxe4 fxe4 13. Ne5 Nf6 14. b4 Nd7 15.
b5 Nxe5 16. Bxe5 cxb5 17. Bxb5 a6 18. Ba4 b5 19. cxb6 Qxb6 20. Rb1 Qa5 21. Bc6
Ra7 22. Bb8 Bd7 23. Qg4 Rf5 24. Bb7 h5 25. Qd1 Rxb7 26. Rxb7 Ba4 27. Bc7 Qb4
28. Rxb4 Bxd1 29. Rb8+ 1-0

[Event "XIII Festival A"]
[Site "Verona ITA"]
[Date "2007.01.04"]
[Round "3"]
[White "Radice, Luca"]
[Black "Capitelli, Paolo"]
[Result "1/2-1/2"]
[WhiteElo "2076"]
[BlackElo "2155"]
[PlyCount "108"]
[EventDate "2007.01.03"]

1. d4 Nf6 2. c4 g6 3. Nc3 Bg7 4. e4 d6 5. f4 c5 6. d5 O-O 7. Nf3 e6 8. Be2 exd5
9. cxd5 Bg4 10. O-O Re8 11. h3 Bxf3 12. Bxf3 a6 13. a4 Nbd7 14. Re1 Rb8 15. a5
b5 16. axb6 Qxb6 17. Na4 Qb4 18. Nc3 Qb6 19. Na4 Qb3 20. Bd2 Qxd1 21. Raxd1 Nb6
22. Nxb6 Rxb6 23. Bc3 Nd7 24. Bxg7 Kxg7 25. Re2 f6 26. Bg4 Re7 27. Be6 Nf8 28.
Bg4 h5 29. Bf3 h4 30. Ra1 g5 31. e5 dxe5 32. fxe5 Rxe5 33. Rxe5 fxe5 34. Ra5 c4
35. Be2 Rxb2 36. Bxc4 Rb6 37. Bxa6 Kf6 38. Bd3 Rd6 39. Kf2 Ng6 40. Bxg6 Kxg6
41. Ke3 Kf5 42. Rc5 Ra6 43. Rc3 Ra2 44. d6 Ke6 45. Rd3 Rxg2 46. Rd1 Kd7 47. Ke4
Rg3 48. Kf5 e4 49. Kxe4 Rxh3 50. Rg1 Kxd6 51. Rxg5 Ra3 52. Rh5 Ke6 53. Rh6+ Kf7
54. Kf4 Kg7 1/2-1/2

[Event "XIII Festival A"]
[Site "Verona ITA"]
[Date "2007.01.04"]
[Round "3"]
[White "Rahal, Michael A."]
[Black "Faccia, Sergio"]
[Result "1-0"]
[WhiteElo "2390"]
[BlackElo "2050"]
[PlyCount "51"]
[EventDate "2007.01.03"]

1. e4 e5 2. Nf3 f5 3. Nxe5 Qf6 4. d4 d6 5. Nc4 fxe4 6. Nc3 Qg6 7. Ne3 c6 8. Be2
Nf6 9. O-O Be7 10. f3 exf3 11. Rxf3 O-O 12. Bd3 Qh5 13. Nf5 Bxf5 14. Bxf5 Na6
15. Ne4 d5 16. Ng5 h6 17. g4 Qe8 18. Ne6 Rf7 19. g5 hxg5 20. Nxg5 Nc7 21. Bg6
Qd7 22. Bxf7+ Kf8 23. h3 c5 24. Qd3 cxd4 25. Bd2 Nb5 26. Qg6 1-0

[Event "XIII Festival A"]
[Site "Verona ITA"]
[Date "2007.01.04"]
[Round "3"]
[White "Stella, Andrea"]
[Black "Alberton, Roberto"]
[Result "1/2-1/2"]
[WhiteElo "2084"]
[BlackElo "2138"]
[PlyCount "39"]
[EventDate "2007.01.03"]

1. c4 e5 2. Nc3 Nf6 3. d3 d5 4. cxd5 Nxd5 5. Nf3 Nc6 6. g3 Be7 7. Bg2 Be6 8.
O-O O-O 9. Bd2 Qd7 10. a3 a5 11. Rc1 Nb6 12. Ne4 a4 13. Nc5 Bxc5 14. Rxc5 f6
15. Rc1 Bb3 16. Qe1 Rfd8 17. Bc3 Bd5 18. Qd1 Bb3 19. Qe1 Bd5 20. Qd1 1/2-1/2

[Event "XIII Festival A"]
[Site "Verona ITA"]
[Date "2007.01.04"]
[Round "3"]
[White "Teodonio, Fabrizio"]
[Black "Bernardi, Ruben"]
[Result "0-1"]
[WhiteElo "2064"]
[BlackElo "2124"]
[PlyCount "97"]
[EventDate "2007.01.03"]

1. d4 d5 2. Nf3 Nf6 3. Bg5 c6 4. Nbd2 h6 5. Bh4 Qb6 6. e3 Qxb2 7. Bd3 Nbd7 8.
O-O e6 9. Bg3 Qb6 10. c4 Be7 11. Qe2 O-O 12. Bc2 Re8 13. Ne5 Nxe5 14. dxe5 Nd7
15. Qd3 Nf8 16. Rab1 Qd8 17. Rfd1 b6 18. Qd4 Bc5 19. Qg4 f5 20. exf6 Qxf6 21.
Qh5 Ba6 22. cxd5 exd5 23. Nb3 Qf7 24. Qg4 Bc8 25. Qa4 b5 26. Qa5 Bb6 27. Qc3
Bg4 28. Re1 Rac8 29. Nd4 Qf6 30. Qd3 Rcd8 31. Rbc1 a6 32. Ne2 Ba5 33. Red1 d4
34. e4 c5 35. e5 Qf7 36. f3 Bc8 37. Nf4 c4 38. Qe4 Bb7 39. e6 Qe7 40. Qf5 Bb6
41. Bf2 Qf6 42. Qxf6 gxf6 43. Re1 Bc5 44. Bf5 Bb4 45. Nh5 Bxe1 46. Rxe1 Re7 47.
Nxf6+ Kh8 48. Bh4 Rd6 49. Ng4 0-1

[Event "XIII Festival A"]
[Site "Verona ITA"]
[Date "2007.01.04"]
[Round "3"]
[White "Valsecchi, Alessio"]
[Black "Barlocco, Carlo"]
[Result "1-0"]
[WhiteElo "2096"]
[BlackElo "2183"]
[PlyCount "121"]
[EventDate "2007.01.03"]

1. e4 Nc6 2. Nf3 Nf6 3. e5 Nd5 4. d4 d6 5. Bc4 Nb6 6. Bxf7+ Kxf7 7. Ng5+ Kg8 8.
Qf3 Qe8 9. e6 g6 10. c3 h6 11. Nf7 Bxe6 12. Nxh8 Kxh8 13. O-O Bg7 14. Re1 Qd7
15. Nd2 Bg4 16. Qg3 e5 17. Ne4 Ne7 18. Bxh6 Bxh6 19. Nf6 Qf5 20. Nxg4 Ng8 21.
dxe5 Bf4 22. Qf3 d5 23. Rad1 Re8 24. g3 Bg5 25. Qxf5 gxf5 26. Ne3 Bxe3 27. Rxe3
c6 28. Rde1 Kg7 29. f4 Kf7 30. b3 Ne7 31. Kg2 Ng6 32. Kf3 Rh8 33. R3e2 Ke6 34.
h4 Nd7 35. b4 Nb6 36. Rh2 Nc4 37. h5 Rh6 38. Ree2 Ne7 39. Reg2 b6 40. g4 fxg4+
41. Rxg4 c5 42. bxc5 bxc5 43. Rg5 Kf7 44. Re2 Rb6 45. f5 Rb1 46. f6 Nc6 47.
Rg7+ Ke6 48. f7 Rf1+ 49. Kg2 Rxf7 50. Rg6+ Ke7 51. Rxc6 Rf5 52. Rxc5 Rg5+ 53.
Kf3 Ke6 54. Rc6+ Kd7 55. Ra6 Rxh5 56. e6+ Ke8 57. Rxa7 Nd6 58. Rb2 Rh3+ 59. Kf4
Rxc3 60. Rb8+ Nc8 61. Raa8 1-0

[Event "XIII Festival A"]
[Site "Verona ITA"]
[Date "2007.01.04"]
[Round "3"]
[White "Vezzosi, Paolo"]
[Black "Frigieri, Fabrizio"]
[Result "0-1"]
[WhiteElo "2301"]
[BlackElo "2088"]
[PlyCount "54"]
[EventDate "2007.01.03"]

1. d4 d5 2. Bf4 Nf6 3. e3 c6 4. Bd3 e6 5. Nd2 Bd6 6. Ngf3 Bxf4 7. exf4 O-O 8.
c3 b6 9. Ne5 c5 10. Qe2 Bb7 11. O-O Qc8 12. Rac1 Ba6 13. c4 cxd4 14. cxd5 Bxd3
15. Qxd3 Qa6 16. dxe6 fxe6 17. Qxd4 Qxa2 18. Nec4 Qa4 19. Rfe1 Qd7 20. Qxd7
Nbxd7 21. Rxe6 Nc5 22. Rd6 Ne8 23. Rd5 Nc7 24. Rd6 Ne8 25. Rc6 Rxf4 26. Ra1 Rd8
27. Rxa7 Rxc4 0-1

[Event "XIII Festival A"]
[Site "Verona ITA"]
[Date "2007.01.05"]
[Round "4"]
[White "Alberton, Roberto"]
[Black "Loi, Andrea"]
[Result "1/2-1/2"]
[WhiteElo "2138"]
[BlackElo "2042"]
[PlyCount "26"]
[EventDate "2007.01.03"]

1. e4 d5 2. exd5 Qxd5 3. Nc3 Qa5 4. d4 Nf6 5. Nf3 Bg4 6. h3 Bh5 7. g4 Bg6 8.
Ne5 Nbd7 9. Nc4 Qa6 10. d5 O-O-O 11. Be3 Kb8 12. Nb6 Qa5 13. Nc4 Qa6 1/2-1/2

[Event "XIII Festival A"]
[Site "Verona ITA"]
[Date "2007.01.05"]
[Round "4"]
[White "Barlocco, Carlo"]
[Black "Facchetti, Gianni"]
[Result "1/2-1/2"]
[WhiteElo "2183"]
[BlackElo "2147"]
[PlyCount "23"]
[EventDate "2007.01.03"]

1. e4 e5 2. Nf3 Nc6 3. Bb5 Bc5 4. Nc3 d6 5. d4 exd4 6. Nxd4 Bd7 7. Bxc6 bxc6 8.
O-O Qh4 9. Be3 Bb6 10. a4 a5 11. Re1 Nf6 12. Nf3 1/2-1/2

[Event "XIII Festival A"]
[Site "Verona ITA"]
[Date "2007.01.05"]
[Round "4"]
[White "Bernardi, Ruben"]
[Black "Radice, Luca"]
[Result "1-0"]
[WhiteElo "2124"]
[BlackElo "2076"]
[PlyCount "79"]
[EventDate "2007.01.03"]

1. e4 e6 2. d3 d5 3. Nd2 Nf6 4. g3 c5 5. Bg2 Nc6 6. Ngf3 Be7 7. O-O Qc7 8. Re1
b6 9. a3 Bb7 10. c3 h6 11. exd5 Nxd5 12. Nc4 O-O 13. a4 Rad8 14. Qe2 a6 15.
Nfe5 Bf6 16. Ng4 b5 17. axb5 axb5 18. Bxd5 Rxd5 19. Nxf6+ gxf6 20. Qg4+ Kh7 21.
Qh4 Rg5 22. Bxg5 fxg5 23. Qe4+ Kg8 24. Ne5 Nd4 25. Qg4 Nc2 26. Qh5 Kg7 27. h4
Rh8 28. f4 gxf4 29. Qg4+ Kh7 30. Qxf4 Nxa1 31. Rxa1 Kg7 32. Rf1 f5 33. Kh2 Ra8
34. g4 Rf8 35. h5 Qe7 36. Ng6 Qd8 37. Nxf8 Qh4+ 38. Kg1 Qh1+ 39. Kf2 Qg2+ 40.
Ke1 1-0

[Event "XIII Festival A"]
[Site "Verona ITA"]
[Date "2007.01.05"]
[Round "4"]
[White "Bertani, Gianfranco"]
[Black "Bozzali, Ermanno"]
[Result "1-0"]
[WhiteElo "2132"]
[BlackElo "2062"]
[PlyCount "57"]
[EventDate "2007.01.03"]

1. Nf3 c5 2. b3 Nf6 3. Bb2 e6 4. e3 b6 5. Be2 Bb7 6. O-O Be7 7. c4 O-O 8. d4
cxd4 9. Nxd4 a6 10. Bf3 Qc7 11. Bxb7 Qxb7 12. Nc3 Nc6 13. f3 Rfd8 14. Nxc6 dxc6
15. Qe2 b5 16. Kh1 Bc5 17. e4 Bd4 18. e5 Bxc3 19. Bxc3 Ne8 20. f4 b4 21. Bb2 g6
22. f5 gxf5 23. Rf3 Rd7 24. Rg3+ Ng7 25. Bc1 Kh8 26. Bg5 c5 27. Bf6 Rg8 28. Qh5
Qe4 29. Qh6 1-0

[Event "XIII Festival A"]
[Site "Verona ITA"]
[Date "2007.01.05"]
[Round "4"]
[White "Borsos, Bogdan"]
[Black "Luciani, Valerio"]
[Result "1-0"]
[WhiteElo "2293"]
[BlackElo "2241"]
[PlyCount "75"]
[EventDate "2007.01.03"]

1. Nf3 f5 2. d3 d6 3. e4 e5 4. Nc3 Nf6 5. d4 exd4 6. Qxd4 Nc6 7. Bb5 Bd7 8.
Bxc6 Bxc6 9. exf5 Bxf3 10. gxf3 Qd7 11. Qd3 d5 12. Bg5 c6 13. Bxf6 gxf6 14.
O-O-O O-O-O 15. Kb1 Bd6 16. Ne2 Bc5 17. Nd4 Bxd4 18. Qxd4 Qxf5 19. Qxa7 Qxf3
20. Rhg1 Rhg8 21. Rde1 Kc7 22. Re7+ Rd7 23. Qa5+ Kd6 24. Rge1 Qf5 25. Qb4+ Kc7
26. Qa5+ b6 27. Qa7+ Kd6 28. Qxb6 Rg4 29. Qb8+ Kc5 30. a3 Qxf2 31. Rxd7 Qxe1+
32. Ka2 Ra4 33. Qf8+ Kb6 34. Qb8+ Kc5 35. Qd6+ Kb6 36. Qc7+ Kc5 37. b4+ Kd4 38.
Qb6+ 1-0